[Event "IECC CL6-2005.16 email"]
[Site "IECC email"]
[Date "2005.10.02"]
[Round "?"]
[White "Ostrovskij, Jori"]
[Black "Quinlan, Terrence"]
[Result "1-0"]
[WhiteElo "1384"]
[BlackElo "1253"]
[PlyCount "51"]
[EventDate "2005.??.??"]
[EventType "tourn (corr)"]
[EventRounds "4"]
[SourceTitle "Corr 2008"]
[Source "ChessBase"]
[SourceDate "2008.06.24"]
[SourceVersion "1"]
[SourceVersionDate "2008.06.24"]
[SourceQuality "1"]

1. d4 d5 2. Nf3 Nc6 3. Bf4 Nf6 4. e3 Bg4 5. c4 e6 6. Nc3 Bb4 7. Rc1 0-0 8. a3 Bxc3+ 9. Rxc3 Ne4 10. Rc1 Ne7 11. Bd3 Ng6 12. Bg3 c6 13. cxd5 Nxg3 14. hxg3 exd5 15. Qc2 f5 16. Nh4 Nxh4 17. Rxh4 g5 18. Rh2 Qd6 19. Kd2 Rf7 20. Rch1 f4 21. exf4 h5 22. f3 Bxf3 23. gxf3 h4 24. fxg5 Rxf3 25. Rxh4 Rf2+ 26. Be2 1-0

[Event "IECC CL6-2005.09 email"]
[Site "IECC email"]
[Date "2005.05.30"]
[Round "?"]
[White "Kinna, Michael"]
[Black "Quinlan, Terrence"]
[Result "1-0"]
[WhiteElo "1281"]
[BlackElo "1286"]
[PlyCount "71"]
[EventDate "2005.??.??"]
[EventType "tourn (corr)"]
[EventRounds "4"]
[SourceTitle "Corr 2008"]
[Source "ChessBase"]
[SourceDate "2008.06.24"]
[SourceVersion "1"]
[SourceVersionDate "2008.06.24"]
[SourceQuality "1"]

1. d4 d5 2. c4 dxc4 3. e4 b5 4. Nf3 c5 5. d5 e6 6. b3 cxb3 7. Qxb3 a6 8. dxe6 Bxe6 9. Qe3 c4 10. Be2 Nf6 11. 0-0 Ng4 12. Qf4 Qf6 13. Qxf6 Nxf6 14. e5 Ne4 15. Ng5 Nxg5 16. Bxg5 Bc5 17. Nc3 Nc6 18. Bf3 Rc8 19. Rad1 0-0 20. Ne4 Nd4 21. Nxc5 Nxf3+ 22. gxf3 Rxc5 23. Be7 Rxe5 24. Bxf8 Rg5+ 25. Kh1 Kxf8 26. Rd8+ Ke7 27. Ra8 Bd5 28. Re1+ Kf6 29. Rxa6+ Kf5 30. h4 Bxf3+ 31. Kh2 Rg2+ 32. Kh3 Kf4 33. Rd6 Kf5 34. Re3 Ba8 35. Ra3 Be4 36. f3 1-0

[Event "IECC CL6-2005.09 email"]
[Site "IECC email"]
[Date "2005.05.30"]
[Round "?"]
[White "Popp, Tony"]
[Black "Quinlan, Terrence"]
[Result "1-0"]
[WhiteElo "1447"]
[BlackElo "1295"]
[PlyCount "57"]
[EventDate "2005.??.??"]
[EventType "tourn (corr)"]
[EventRounds "4"]
[SourceTitle "Corr 2008"]
[Source "ChessBase"]
[SourceDate "2008.06.24"]
[SourceVersion "1"]
[SourceVersionDate "2008.06.24"]
[SourceQuality "1"]

1. a3 d5 2. d4 Nc6 3. Nc3 Nf6 4. Bg5 e6 5. e4 Be7 6. e5 Nd7 7. Bxe7 Qxe7 8. f4 f5 9. Nb5 Nb6 10. b3 a6 11. Nc3 0-0 12. Nf3 h6 13. Qd2 Bd7 14. Qf2 Na7 15. Nh4 Kh7 16. Bd3 g5 17. fxg5 Qxg5 18. Ne2 Be8 19. Nf4 Bf7 20. g4 Rg8 21. gxf5 exf5 22. Bxf5+ Kh8 23. 0-0-0 h5 24. Kb2 Raf8 25. Rhg1 Qe7 26. Nhg6+ Bxg6 27. Nxg6+ Rxg6 28. Rxg6 Qf7 29. Rh6+ 1-0

[Event "IECC CL6-2004.13 email"]
[Site "IECC email"]
[Date "2004.06.01"]
[Round "?"]
[White "Alexander, Ross"]
[Black "Quinlan, Terrence"]
[Result "0-1"]
[WhiteElo "1188"]
[BlackElo "1251"]
[PlyCount "34"]
[EventDate "2004.??.??"]
[EventType "tourn (corr)"]
[EventRounds "4"]
[SourceTitle "Corr 2008"]
[Source "ChessBase"]
[SourceDate "2008.06.24"]
[SourceVersion "1"]
[SourceVersionDate "2008.06.24"]
[SourceQuality "1"]

1. d4 d5 2. Nc3 c5 3. dxc5 e5 4. Nxd5 Bxc5 5. Nf3 Nc6 6. e4 h6 7. Bb5 Qa5+ 8. Nc3 a6 9. Bxc6+ bxc6 10. Nxe5 Bxf2+ 11. Kxf2 Qxe5 12. h4 Nf6 13. Rh3 Bxh3 14. gxh3 Nxe4+ 15. Kf1 Qf5+ 16. Kg2 Qf2+ 17. Kh1 Ng3# 0-1

[Event "IECG TG-2003-0-14846"]
[Site "IECG email"]
[Date "2003.04.10"]
[Round "1"]
[White "Querre, Philippe"]
[Black "Quinlan, Terrence"]
[Result "1-0"]
[WhiteElo "1170"]
[BlackElo "1166"]
[PlyCount "47"]
[EventDate "2003.04.10"]
[EventType "tourn (corr)"]
[EventRounds "6"]
[SourceTitle "Corr 2024"]
[Source "ChessBase"]
[SourceDate "2023.10.19"]
[SourceVersion "1"]
[SourceVersionDate "2023.10.19"]
[SourceQuality "1"]

1. e4 g6 2. d4 Bg7 3. Nc3 c6 4. f4 d5 5. e5 h5 6. Nf3 Bg4 7. h3 Bxf3 8. Qxf3 e6 9. Bd3 Qb6 10. Ne2 Ne7 11. 0-0 f5 12. a4 a5 13. b3 Na6 14. c3 Kd7 15. Ba3 Nc7 16. Bc5 Qxb3 17. Rfb1 Qxb1+ 18. Rxb1 Rab8 19. Qg3 Rh6 20. Ba7 Rg8 21. Rxb7 Bxe5 22. dxe5 d4 23. Nxd4 Ned5 24. Bxf5 1-0